000 00451nam a2200193Ia 4500
005 20240823045832.0
008 240823s9999||||xx |||||||||||||| ||und||
020 _a978-81-8094-150-4
041 _aENGLISH
082 _A510.1 Q2
100 _aAthimoolam M
245 0 _aMagic of Numbers
250 _a1st
260 _c2012
_b"MJP Publishers,Ch"
_aChennai
500 _aYES
650 _aNumbers
_bMathematics
942 _cBK
999 _c215873
_d215873